000 00428nmm a2200157Ia 4500
008 251105s9999||||xx |||||||||||||||||und||
041 _aspa
100 _aMartínez, Mila
245 0 _aLa daga fenicia
264 _a[Madrid, España] :
_bEditorial Egales,
_c2018
300 _a289 páginas
490 _aNarrativa
650 _aSpanish narrative
856 _uhttps://public.digitaliapublishing.com/a/171377
942 _cCF
999 _c100171
_d100171